<?xml version="1.0" encoding="UTF-8"?>
<marc:record xmlns:marc="http://www.loc.gov/MARC21/slim">
   <marc:leader>00000nam a2200000 a 4500</marc:leader>
   <marc:datafield ind1="0" ind2="0" tag="245">
      <marc:subfield code="a">S 30</marc:subfield>
   </marc:datafield>
   <marc:datafield ind1="0" ind2="0" tag="245">
      <marc:subfield code="b">Syrow-Sammlung;</marc:subfield>
   </marc:datafield>
   <marc:datafield ind1="1" ind2=" " tag="490">
      <marc:subfield code="a">Schwarzer Ordner; 30</marc:subfield>
   </marc:datafield>
   <marc:datafield ind1="1" ind2=" " tag="520">
      <marc:subfield code="a">Zeitschrift Bergland, VI. Jg., Nr. VIII - 1924#Zeitschrift Bergland, 16. Jg. Nr 6 - 1934#Zeitschrift Tirol - Heft 1/2, 1932 - das oberste Inntal#Zeitschrift Bergland, 21. Jg., Nr. 8, 1939 - Anna Stainer-Knittel#Zeitschrift Tirolerin - Artikel Geier-Wally - Anna Stainer-Knittel - Helga Reichart-Landschbauer#Zeitschrift Bergland - 23. Jg., 9/10 1941#</marc:subfield>
   </marc:datafield>
   <marc:datafield ind1=" " ind2=" " tag="041">
      <marc:subfield code="a">ger</marc:subfield>
   </marc:datafield>
</marc:record>
